| 000 | 00388nam a22000977a 4500 | ||
|---|---|---|---|
| 008 | 170116b xxu||||| |||| 00| 0 eng d | ||
| 100 | _aRohloff, Paul | ||
| 245 | _aThe Waterbury cancellations 1865-1890 | ||
| 260 |
_aChicago _bThe Collectors Club of Chicago _c1979 |
||
| 650 | _aUnited States -- Connecticut -- Waterbury | Postal Markings | Fancy Cancels | 1865-1890 | 19th Century | Postal History | ||
| 999 |
_c2203 _d2203 |
||